| 000 | 00431nam a2200169Ia 4500 | ||
|---|---|---|---|
| 003 | GCL | ||
| 008 | 140319s9999 xx 000 0 eng d | ||
| 040 |
_aGCL / _cGCL |
||
| 082 | 0 | 4 |
_a759.9 _bA P |
| 100 | 1 | _aAZAR, AIME | |
| 245 | 1 | 0 |
_aPEINTURES ETRANGERS D'EGYPT / _cAZAR, AIME |
| 260 |
_a[S.N] : _bPEINTURE MODERNE EN EGYPTE ، _c1953 |
||
| 650 | 0 | 4 | _aOVARIES |
| 650 | 0 | 4 | _aPAINTING |
| 650 | 0 | 4 | _aART, EGYPTIAN |
| 942 |
_2ddc _cBK |
||
| 999 |
_c19496 _d19496 |
||